000 01774nam a2200349 i 4500
001 000027473
003 DO-SdBNP
005 20260519084618.0
007 ta
008 110401s1987 dr abd 001 0 spa d
040 _aDO-SdBNP
_bspa
_cBNPHU
_erda
041 _aspa
082 4 _a972.9304
_bA473s
_222
100 1 _aÁlvarez-López, Luis
_944998
245 1 0 _aSecuestro de bienes de rebeldes :
_bestado y sociedad en la úlitma dominación española 1863-1865 /
_cLuis Álvares López.
264 _aSanto Domingo :
_bINTEC,
_c1987.
300 _a36 páginas :
_bilustraciones, gráficos, mapas ;
_c23 cm.
336 _atexto
_btxt
_2rdacontent
337 _asin mediación
_bn
_2redamedia
338 _avolumen
_bnc
_2rdacarrier
500 _aIncluye referencias bibliográficas y notas al final de los capítulos.
504 _aBibliografía : páginas 31-32
505 0 _aIntroducción --
_tSecuestro de bienes de rebeldes --
_tDe la Secretaría de Gobierno a la Capitanía General --
_tDe la Capitanía General al Estado Colonial contrainsurgente --
_tOrigen y evolución del secuestro de bienes a los rebeldes --
_tEl Estado asistencialista: la política de beneficencia de la comisión para el secuestro de bienes de los rebeldes --
_tApéndices --
_gBibliografía básica --
_tÍndice selectivo de personas, lugares y materias.
590 _aInventariado, 2020/YL
650 4 _aInstituciones socioeconómicas coloniales
_954548
651 4 _aRepública Dominicana
_xHistoria
_y1844-1861
_9931
651 4 _aRepública Dominicana
_xHistoria
_xAnexión España 1861-1865
_92029
651 4 _aRepública Dominicana
_xHistoria
_y1865-1915
_92030
710 2 _aInstituto Tecnológico de Santo Domingo
_978911
910 _aValidado. Control de calidad
942 _2ddc
_cLBS1
999 _c26965
_d26965